La literatura: Entre el diálogo y la metalengua

Bewaard in:
Bibliografische gegevens
Formaat: Onbekend
Onderwerpen:
Tags: Voeg label toe
Geen labels, Wees de eerste die dit record labelt!

MARC

LEADER 000000000a22000000004500
001 000241
092 0 |a Artículo 17: Ampo 1 
245 1 0 |a La literatura: Entre el diálogo y la metalengua 
500 |a Artículos recopilados por Alvaro Quesada Soto 
650 4 |a TEORIA DEL CONOCIMIENTO 
650 4 |a ANALISIS DEL DISCURSO 
650 4 |a HISTORIOGRAFIA 
650 4 |a LITERATURA 
650 4 |a HISTORIA Y CRITICA 
650 4 |a FILOLOGIA 
650 4 |a LENGUAJE Y LENGUAS 
773 0 |g 101-123 
999 |c 856  |d 856